000 00801pam a22002654a 4500
008
020 _a0683302655 (pbk.)
040 _aMAIN
_cNUST
090 _aRB32
_bSCH
100 1 _aSchneider, Arthur S.
245 1 0 _aPathology /
_cArthur S. Schneider, Philip A. Szanto.
250 _a2nd ed.
260 _aPhiladelphia :
_bLippincott Williams & Wilkins ;
_cc2002.
300 _axvii, 470 p. :
_bill. ;
_c26 cm.
440 0 _aBoard review series
500 _aIncludes index.
650 0 _aPathology
_vOutlines, syllabi, etc.
650 0 _aPathology
_vExaminations, questions, etc.
700 1 _aSzanto, Philip A.
907 _a.b10256660
_b10-09-09
_c08-07-08
003
005 20230120204004.0
049 _aMAIN
942 _cBOOKS
_kRB32
_mSCH
999 _c115130
_d115130